000 00485 a2200157 4500
020 _a 0768909252
040 _aDLC
_bDLC
082 _a 808.02 SOR
100 _aSorenson, Sharon.
245 _a How to write research papers
_c Sharon. Sorenson
260 _aAustralia ;
_bLawrenceville, NJ : Thomson/Arco,
_cc2002.
300 _a98 p. :
_bill. ;
_c23 cm.
500 _aIncludes bibliographical references and index
650 _a Report writing.2.Research.
942 _cBK
_k 808.02 SOR
_2ddc
999 _c4884
_d4884